[Event "GRE-chT 49th"]
[Site "Thessaloniki"]
[Date "2022.08.13"]
[Round "3"]
[White "Antoniou, Rafail"]
[Black "Tzontas, Athanasios"]
[Result "0-1"]
[WhiteElo "1752"]
[BlackElo "1430"]
[PlyCount "102"]
[EventDate "2022.08.12"]
[EventType "team-swiss"]
[EventRounds "7"]
[EventCountry "GRE"]
[SourceTitle "EXT 2024"]
[Source "ChessBase"]
[SourceDate "2023.10.10"]
[SourceVersion "1"]
[SourceVersionDate "2023.10.10"]
[SourceQuality "1"]
[WhiteTeam "Kallithea"]
[BlackTeam "Thessaloniki Sach"]
[WhiteTeamCountry "GRE"]
[BlackTeamCountry "GRE"]

1. e4 e5 2. Nf3 Nc6 3. Bc4 Bc5 4. c3 Nf6 5. d3 d6 6. a4 a6 7. 0-0 Ba7 8. Re1 h6 9. Na3 0-0 10. Nc2 Be6 11. Bxe6 fxe6 12. Be3 Bxe3 13. Nxe3 Qe8 14. b4 Qf7 15. Nc4 Nb8 16. b5 Nbd7 17. d4 exd4 18. cxd4 Nh5 19. Ncd2 Nf4 20. g3 Nh3+ 21. Kg2 Ng5 22. Re3 e5 23. dxe5 Nxe5 24. Rc1 axb5 25. axb5 Ra2 26. Rec3 Nexf3 27. Nxf3 Nxe4 28. R3c2 Ra3 29. Ne1 Nxf2 30. Qd4 Ne4 31. Qc4 Qxc4 32. Rxc4 Nc5 33. Rd1 Ra2+ 34. Kg1 Rff2 35. b6 cxb6 36. Rxd6 Rfe2 37. Rc1 Rab2 38. Nf3 Ne4 39. Re6 Rg2+ 40. Kh1 Ng5 41. Nxg5 Rxh2+ 42. Kg1 hxg5 43. Re7 Rhc2 44. Rxc2 Rxc2 45. Rxb7 Rb2 46. Rc7 Kh7 47. Rc6 b5 48. Kh1 g4 49. Rd6 b4 50. Rd4 b3 51. Rxg4 Rc2 0-1

[Event "GRE-ch U16"]
[Site "Patras"]
[Date "2021.07.06"]
[Round "5"]
[White "Tzontas, Athanasios"]
[Black "Koutras, Konstantinos"]
[Result "0-1"]
[WhiteElo "1491"]
[BlackElo "1547"]
[PlyCount "40"]
[EventDate "2021.07.02"]
[EventType "swiss"]
[EventRounds "7"]
[EventCountry "GRE"]
[SourceTitle "EXT 2023"]
[Source "ChessBase"]
[SourceDate "2022.10.05"]
[SourceVersion "1"]
[SourceVersionDate "2022.10.05"]
[SourceQuality "1"]

1. e4 c5 2. Nf3 Nc6 3. d4 cxd4 4. Nxd4 e5 5. Nb5 d6 6. N1c3 a6 7. Na3 Be6 8. Be3 Nf6 9. f3 b5 10. Ncb1 d5 11. exd5 Nxd5 12. Bf2 Qa5+ 13. Qd2 Bb4 14. c3 Be7 15. Be2 Rd8 16. Qc2 Nd4 17. Bxd4 exd4 18. Qc1 dxc3 19. 0-0 cxb2 20. Qxb2 Bf6 0-1

[Event "GRE-ch U16"]
[Site "Patras"]
[Date "2021.07.02"]
[Round "1"]
[White "Tzontas, Athanasios"]
[Black "Stoimenidis, Dimitrios"]
[Result "0-1"]
[WhiteElo "1491"]
[BlackElo "1786"]
[PlyCount "82"]
[EventDate "2021.07.02"]
[EventType "swiss"]
[EventRounds "7"]
[EventCountry "GRE"]
[SourceTitle "EXT 2023"]
[Source "ChessBase"]
[SourceDate "2022.10.05"]
[SourceVersion "1"]
[SourceVersionDate "2022.10.05"]
[SourceQuality "1"]

1. e4 e5 2. Nf3 Nc6 3. Bb5 a6 4. Ba4 Nf6 5. Bxc6 dxc6 6. d3 Bd6 7. Nbd2 Be6 8. b3 Nd7 9. Bb2 Qf6 10. Qe2 a5 11. a4 0-0 12. 0-0 g5 13. Nc4 Bxc4 14. dxc4 g4 15. Ne1 Qg6 16. Nd3 Rae8 17. f3 h5 18. fxg4 hxg4 19. Rf5 f6 20. Bc1 Kg7 21. Be3 Rh8 22. Rd1 Rd8 23. g3 Be7 24. Rdf1 Rh7 25. Nf2 Nc5 26. Kg2 Rdh8 27. Nxg4 Nxe4 28. Qf3 Nd6 29. h4 Nxf5 30. Qxf5 Qxf5 31. Rxf5 Rh5 32. Rf1 Kg6 33. Nf2 f5 34. Nd3 Bf6 35. Kh3 f4 36. gxf4 Rxh4+ 37. Kg2 Rh2+ 38. Kg3 R8h3+ 39. Kg4 Rxe3 40. Nxe5+ Bxe5 41. fxe5 Rxe5 0-1

[Event "EThessaloniki SSTH HALK-ch U16"]
[Site "Thessaloniki"]
[Date "2017.11.12"]
[Round "4.2"]
[White "Tzontas, Athanasios"]
[Black "Tsarsitalidis, Konstantinos"]
[Result "0-1"]
[WhiteElo "1294"]
[BlackElo "1842"]
[PlyCount "92"]
[EventDate "2017.10.01"]
[EventType "swiss"]
[EventRounds "6"]
[EventCountry "GRE"]
[SourceTitle "EXT 2024"]
[Source "ChessBase"]
[SourceDate "2023.10.10"]
[SourceVersion "1"]
[SourceVersionDate "2023.10.10"]
[SourceQuality "1"]

1. c4 Nf6 2. Nc3 g6 3. g3 c5 4. Bg2 Bg7 5. e3 0-0 6. Nge2 Nc6 7. 0-0 d6 8. d3 Bd7 9. Re1 Qc8 10. a3 Bh3 11. Bh1 e5 12. Nb5 Qd7 13. Rb1 a6 14. Nbc3 Rab8 15. b4 Rfd8 16. Qc2 Bf5 17. e4 Be6 18. Na4 b5 19. cxb5 axb5 20. Nac3 Nd4 21. Nxd4 cxd4 22. Nd5 Bxd5 23. exd5 Rdc8 24. Qe2 Ne8 25. f4 f5 26. fxe5 dxe5 27. Qa2 Nd6 28. Bd2 Rc7 29. Rec1 Rbc8 30. Bg2 Kf8 31. Kf1 Rxc1+ 32. Rxc1 Rxc1+ 33. Bxc1 Qc7 34. Bd2 e4 35. dxe4 fxe4 36. Bf4 e3 37. Bxd6+ Qxd6 38. Qc2 Be5 39. Qc8+ Kg7 40. Qb7+ Kh6 41. Ke2 Bxg3 42. hxg3 Qxg3 43. d6 Qf2+ 44. Kd3 Qd2+ 45. Ke4 Qxg2+ 46. Ke5 Qxb7 0-1